[Event "Canadian zt"]
[Site "Toronto"]
[Date "2024.04.01"]
[Round "8"]
[White "Tanaka, Taira Tyler"]
[Black "Taylor, Ashton"]
[Result "1-0"]
[WhiteElo "2256"]
[BlackElo "1839"]
[PlyCount "53"]
[EventDate "2024.03.27"]
[EventType "team-swiss"]
[EventRounds "10"]
[EventCountry "CAN"]
[SourceTitle "CB15_2024"]
[SourceDate "2024.04.10"]
[SourceVersion "1"]
[SourceVersionDate "2024.04.10"]
[SourceQuality "1"]

1. Nf3 d5 2. g3 Nf6 3. Bg2 Bg4 4. c4 Bxf3 5. Bxf3 c6 6. Qb3 Qd7 7. 0-0 e6 8. d4 Be7 9. Nc3 b6 10. Rd1 Na6 11. e4 dxe4 12. Nxe4 Rc8 13. Nxf6+ Bxf6 14. Qa3 Nb8 15. d5 Qe7 16. Qa4 0-0 17. dxc6 Qc5 18. Be3 Qf5 19. Bg2 Bxb2 20. Rab1 Bf6 21. c5 Bd8 22. Qxa7 Nxc6 23. Bxc6 Rxc6 24. cxb6 Rd6 25. b7 Bc7 26. Rdc1 Bb8 27. Qxb8 1-0

[Event "Canadian zt"]
[Site "Toronto"]
[Date "2024.04.01"]
[Round "9"]
[White "Taylor, Ashton"]
[Black "Abrahams, Daniel"]
[Result "0-1"]
[WhiteElo "1839"]
[BlackElo "2166"]
[PlyCount "66"]
[EventDate "2024.03.27"]
[EventType "team-swiss"]
[EventRounds "10"]
[EventCountry "CAN"]
[SourceTitle "CB15_2024"]
[SourceDate "2024.04.10"]
[SourceVersion "1"]
[SourceVersionDate "2024.04.10"]
[SourceQuality "1"]

1. Nf3 e6 2. c4 d5 3. d4 Nf6 4. g3 Be7 5. Bg2 0-0 6. 0-0 c6 7. Nfd2 b5 8. cxb5 cxb5 9. e4 Nc6 10. e5 Nd7 11. Nb3 a5 12. a4 bxa4 13. Rxa4 Ba6 14. Re1 Bb5 15. Ra1 a4 16. Nc3 Qb6 17. Nd2 Nxd4 18. Nf3 Nxf3+ 19. Qxf3 Rfc8 20. Qg4 Rc4 21. Bf4 Bc6 22. Rab1 Bc5 23. Qe2 Rb4 24. Na2 Rb3 25. Nc1 Rb4 26. Nd3 Bd4 27. Qc2 Rb3 28. Bf1 Bb5 29. Bc1 Bxd3 30. Bxd3 Rxd3 31. Qxd3 Bxf2+ 32. Kf1 Bxe1 33. Kxe1 Nxe5 0-1

[Event "Canadian zt"]
[Site "Toronto"]
[Date "2024.03.30"]
[Round "6"]
[White "Yang, Jingyun"]
[Black "Taylor, Ashton"]
[Result "1/2-1/2"]
[WhiteElo "2122"]
[BlackElo "1839"]
[PlyCount "139"]
[EventDate "2024.03.27"]
[EventType "team-swiss"]
[EventRounds "10"]
[EventCountry "CAN"]
[SourceTitle "CB15_2024"]
[SourceDate "2024.04.10"]
[SourceVersion "1"]
[SourceVersionDate "2024.04.10"]
[SourceQuality "1"]

1. e4 e5 2. Nc3 Nf6 3. f4 d5 4. fxe5 Nxe4 5. Qf3 Nxc3 6. dxc3 Qh4+ 7. g3 Qe7 8. Bf4 Nc6 9. 0-0-0 Be6 10. Bh3 0-0-0 11. Kb1 Qd7 12. Bxe6 Qxe6 13. Ne2 Nxe5 14. Bxe5 Qxe5 15. Rhe1 Qf6 16. Qxf6 gxf6 17. Nf4 c6 18. Nh5 Bd6 19. a3 Be5 20. Rf1 Rd6 21. c4 Rhd8 22. cxd5 cxd5 23. Nf4 Kc7 24. Nd3 R8d7 25. Rf5 Rd8 26. Nxe5 fxe5 27. Rxe5 Rh6 28. Re7+ Kc6 29. Rf1 f6 30. h4 Rd7 31. Re8 Rg6 32. Rf3 Rdg7 33. Re6+ Kc7 34. Rexf6 Rxf6 35. Rxf6 Rxg3 36. Rf7+ Kc6 37. Rxh7 d4 38. Rh6+ Kc7 39. h5 Rh3 40. Kc1 d3 41. cxd3 Rxd3 42. Rg6 Rh3 43. h6 Rh2 44. Rg7+ Kc6 45. h7 a5 46. Kd1 b5 47. Ke1 Kc5 48. Kf1 Kc4 49. Kg1 Rh6 50. Rb7 b4 51. axb4 axb4 52. Kg2 Kb3 53. Kg3 Kc2 54. Kg4 b3 55. Kg5 Rxh7 56. Rxh7 Kxb2 57. Kf4 Kc2 58. Rc7+ Kd2 59. Rd7+ Kc2 60. Rc7+ Kd2 61. Rb7 Kc2 62. Ke3 b2 63. Rc7+ Kb3 64. Rb7+ Kc2 65. Rc7+ Kb3 66. Kd2 b1Q 67. Rb7+ Ka2 68. Ra7+ Kb2 69. Rb7+ Ka2 70. Rxb1 1/2-1/2

[Event "Canadian zt"]
[Site "Toronto"]
[Date "2024.03.28"]
[Round "3"]
[White "Taylor, Ashton"]
[Black "Dukic, Zachary"]
[Result "0-1"]
[WhiteElo "1839"]
[BlackElo "2266"]
[PlyCount "56"]
[EventDate "2024.03.27"]
[EventType "team-swiss"]
[EventRounds "10"]
[EventCountry "CAN"]
[SourceTitle "CB15_2024"]
[SourceDate "2024.04.10"]
[SourceVersion "1"]
[SourceVersionDate "2024.04.10"]
[SourceQuality "1"]

1. e4 d6 2. d4 Nf6 3. Nc3 e5 4. dxe5 dxe5 5. Qxd8+ Kxd8 6. Bg5 Be6 7. 0-0-0+ Nbd7 8. Nf3 Bd6 9. Nb5 Ke7 10. Nxd6 cxd6 11. Nd2 h6 12. Bxf6+ Nxf6 13. f3 Rac8 14. b3 d5 15. exd5 Nxd5 16. c4 Nc3 17. Re1 Nxa2+ 18. Kb2 Rhd8 19. Nb1 Nb4 20. Rxe5 Rd1 21. Nc3 Rd2+ 22. Kb1 a6 23. Re2 Rdd8 24. g3 b5 25. Bh3 bxc4 26. Bxe6 fxe6 27. bxc4 Rxc4 28. Re3 Rb8 0-1

[Event "Canadian op"]
[Site "Calgary"]
[Date "2023.07.28"]
[Round "8"]
[White "Sasata, Robert"]
[Black "Taylor, Ashton"]
[Result "1/2-1/2"]
[WhiteElo "2214"]
[BlackElo "1691"]
[PlyCount "106"]
[EventDate "2023.07.22"]
[EventType "swiss"]
[EventRounds "10"]
[EventCountry "CAN"]
[SourceTitle "EXT 2024"]
[Source "ChessBase"]
[SourceDate "2023.10.10"]
[SourceVersion "1"]
[SourceVersionDate "2023.10.10"]
[SourceQuality "1"]

1. d4 d5 2. c4 e6 3. Nc3 Nf6 4. cxd5 exd5 5. Bg5 c6 6. e3 Bf5 7. Qf3 Bg6 8. Bxf6 Qxf6 9. Qxf6 gxf6 10. Nf3 Nd7 11. Nh4 Be7 12. g3 f5 13. Be2 Bxh4 14. gxh4 f4 15. Kd2 Ke7 16. Rhg1 fxe3+ 17. fxe3 Nf6 18. Rg5 Ne4+ 19. Nxe4 Bxe4 20. Rf1 Rhg8 21. Rg3 Rg6 22. Rfg1 Rag8 23. Bh5 Rxg3 24. hxg3 f5 25. Ke2 Rg7 26. Kf2 a5 27. g4 fxg4 28. Rxg4 Rxg4 29. Bxg4 b6 30. Kg3 Kf6 31. Kf4 c5 32. dxc5 bxc5 33. Be2 h6 34. Bb5 Bc2 35. Bc6 Be4 36. Bd7 Bd3 37. Be8 Bc2 38. Bh5 Be4 39. Be2 Bg2 40. Bd3 Bh1 41. a3 Bg2 42. e4 dxe4 43. Bxe4 Bf1 44. Bf3 Bb5 45. Bg4 Bc6 46. Be2 Bd5 47. Bd3 Bc6 48. Bc4 Bb7 49. Kg4 Bc8+ 50. Kf4 Bb7 51. Bd3 Bc6 52. Be2 Bd5 53. Bd3 Bc6 1/2-1/2

[Event "Canadian op"]
[Site "Calgary"]
[Date "2023.07.27"]
[Round "7"]
[White "Ramalho, David"]
[Black "Taylor, Ashton"]
[Result "0-1"]
[WhiteElo "1679"]
[BlackElo "1691"]
[PlyCount "60"]
[EventDate "2023.07.22"]
[EventType "swiss"]
[EventRounds "10"]
[EventCountry "CAN"]
[SourceTitle "EXT 2024"]
[Source "ChessBase"]
[SourceDate "2023.10.10"]
[SourceVersion "1"]
[SourceVersionDate "2023.10.10"]
[SourceQuality "1"]

1. e4 c5 2. Nf3 e6 3. c3 Nc6 4. d4 cxd4 5. cxd4 d5 6. e5 Nge7 7. Bd3 Nf5 8. Bxf5 exf5 9. 0-0 Be7 10. Nc3 Be6 11. Qb3 Rb8 12. Na4 0-0 13. Bd2 b5 14. Nc5 Nxd4 15. Nxe6 Nxf3+ 16. Qxf3 fxe6 17. g4 Rc8 18. Rad1 Rc4 19. gxf5 Rxf5 20. Qh3 Rh4 21. Qg3 Rfh5 22. f4 Bc5+ 23. Kg2 Rxh2+ 24. Qxh2 Rxh2+ 25. Kxh2 Qh4+ 26. Kg2 Qg4+ 27. Kh2 Qe2+ 28. Kh3 Bf2 29. Bc1 Qf3+ 30. Kh2 Qg3+ 0-1

[Event "Canadian op"]
[Site "Calgary"]
[Date "2023.07.24"]
[Round "4"]
[White "Taylor, Ashton"]
[Black "Chandra, Anand Rishi"]
[Result "1/2-1/2"]
[WhiteElo "1691"]
[BlackElo "2063"]
[PlyCount "166"]
[EventDate "2023.07.22"]
[EventType "swiss"]
[EventRounds "10"]
[EventCountry "CAN"]
[SourceTitle "EXT 2024"]
[Source "ChessBase"]
[SourceDate "2023.10.10"]
[SourceVersion "1"]
[SourceVersionDate "2023.10.10"]
[SourceQuality "1"]

1. d4 d5 2. c4 e6 3. Nf3 Nf6 4. g3 Be7 5. Bg2 0-0 6. 0-0 b6 7. cxd5 exd5 8. Nc3 Bb7 9. Bf4 a6 10. Rc1 Nbd7 11. Ne5 h6 12. Nxd7 Qxd7 13. Bxc7 Qxc7 14. Nxd5 Qd6 15. Nxf6+ Bxf6 16. Bxb7 Ra7 17. Bf3 Qxd4 18. Qxd4 Bxd4 19. b3 Bc5 20. Rfd1 a5 21. Bc6 Re7 22. e3 Kh7 23. Kg2 f5 24. Rd3 g5 25. Rc2 Kg6 26. h3 h5 27. Rcd2 Bb4 28. Rd1 Rc7 29. Bb5 Rc2 30. a4 f4 31. exf4 gxf4 32. Rf3 Rb2 33. gxf4 h4 34. Rd5 Kh6 35. Rg5 Rxf4 36. Rxf4 Kxg5 37. Rg4+ Kf5 38. Bd3+ Ke5 39. Re4+ Kf6 40. Rxh4 Rxb3 41. Rf4+ Kg5 42. Rf3 Bc5 43. Rf8 Kh6 44. Bb5 Kg6 45. Rf3 Rb4 46. Be8+ Kg5 47. Bb5 Rb2 48. Rf7 Rd2 49. Be8 Rc2 50. Bd7 Rd2 51. Bc6 Ra2 52. Kg3 Ra3+ 53. Rf3 Bd6+ 54. Kg2 Ra2 55. Be8 Bc5 56. Bc6 Rc2 57. Be4 Rc4 58. Rf5+ Kh6 59. Bc6 Rc2 60. Bb5 Kg6 61. Bd3 Rd2 62. Rxc5+ Rxd3 63. Rc6+ Kg7 64. Rxb6 Rd4 65. Ra6 Rxa4 66. Kg3 Ra1 67. Kg4 a4 68. f4 a3 69. Kf5 a2 70. h4 Rh1 71. Ra7+ Kf8 72. Rxa2 Rxh4 73. Ra7 Rh6 74. Ke5 Rb6 75. f5 Rc6 76. Kf4 Rb6 77. Kg5 Rc6 78. Ra4 Rb6 79. Rc4 Ra6 80. Kf4 Rb6 81. Rc5 Ra6 82. Ke5 Rb6 83. f6 Rb1 1/2-1/2

[Event "Banff op"]
[Site "Banff"]
[Date "2022.11.13"]
[Round "6"]
[White "Bai, Jinghui"]
[Black "Taylor, Ashton"]
[Result "1-0"]
[WhiteElo "1843"]
[BlackElo "1615"]
[PlyCount "59"]
[EventDate "2022.11.11"]
[EventType "swiss"]
[EventRounds "6"]
[EventCountry "CAN"]
[SourceTitle "CBM 211 Extra"]
[Source "ChessBase"]
[SourceDate "2023.01.31"]
[SourceVersion "1"]
[SourceVersionDate "2023.01.31"]
[SourceQuality "1"]

1. c4 Nf6 2. Nc3 e6 3. e4 d5 4. e5 d4 5. exf6 dxc3 6. bxc3 Qxf6 7. d4 c5 8. Nf3 h6 9. Bd3 cxd4 10. cxd4 Bb4+ 11. Kf1 0-0 12. Bb2 Qe7 13. a3 Bd6 14. Qe2 Nd7 15. h4 Re8 16. Ne5 Bxe5 17. dxe5 Nc5 18. Bc2 b6 19. Rh3 Bb7 20. Qg4 Red8 21. Rg3 Qf8 22. Re1 Rd2 23. Re2 Rad8 24. Bc1 R2d4 25. Qh5 Ba6 26. Bxh6 Bxc4 27. Bh7+ Kh8 28. Bxg7+ Qxg7 29. Bd3+ Kg8 30. Qh7+ 1-0

[Event "Banff op"]
[Site "Banff"]
[Date "2022.11.11"]
[Round "1"]
[White "Taylor, Ashton"]
[Black "Miller, David"]
[Result "0-1"]
[WhiteElo "1615"]
[BlackElo "2117"]
[PlyCount "76"]
[EventDate "2022.11.11"]
[EventType "swiss"]
[EventRounds "6"]
[EventCountry "CAN"]
[SourceTitle "CBM 211 Extra"]
[Source "ChessBase"]
[SourceDate "2023.01.31"]
[SourceVersion "1"]
[SourceVersionDate "2023.01.31"]
[SourceQuality "1"]

1. e4 e6 2. d4 d5 3. Nc3 Nf6 4. e5 Nfd7 5. Nce2 c5 6. c3 Nc6 7. f4 Qb6 8. Nf3 Be7 9. g3 0-0 10. Bh3 cxd4 11. cxd4 Bb4+ 12. Bd2 Na5 13. b3 Nc6 14. 0-0 f5 15. Bxb4 Qxb4 16. Qd2 Qxd2 17. Nxd2 b6 18. Rfc1 Bb7 19. Nf3 Rfe8 20. Nc3 a6 21. Nxd5 exd5 22. Bxf5 Red8 23. Be6+ Kf8 24. Bxd5 Nc5 25. Bxc6 Bxc6 26. dxc5 Bxf3 27. Kf2 Bg4 28. cxb6 Rd2+ 29. Ke3 Rad8 30. Re1 R8d3+ 31. Ke4 g6 32. f5 Bxf5+ 33. Kf4 Rf2+ 34. Kg5 Kg7 35. Kh4 Rd4+ 36. g4 Rxg4+ 37. Kh3 Rg1+ 38. Kh4 Rf4# 0-1

[Event "Langley op"]
[Site "Langley"]
[Date "2018.09.03"]
[Round "6.6"]
[White "Zhu, Brandon"]
[Black "Taylor, Ashton"]
[Result "1-0"]
[WhiteElo "2101"]
[BlackElo "1335"]
[PlyCount "29"]
[EventDate "2018.09.01"]
[EventType "swiss"]
[EventRounds "6"]
[EventCountry "CAN"]
[SourceTitle "EXT 2022"]
[Source "ChessBase"]
[SourceDate "2021.10.06"]
[SourceVersion "1"]
[SourceVersionDate "2021.10.06"]
[SourceQuality "1"]

1. d4 Nf6 2. Nf3 c6 3. c4 d5 4. e3 Bg4 5. h3 Bh5 6. g4 Bg6 7. Ne5 Bxb1 8. Rxb1 Qa5+ 9. Bd2 Qxa2 10. Ra1 Qxb2 11. Nd3 Qb6 12. Ba5 Qa6 13. Nb4 e5 14. Nxa6 Nxa6 15. dxe5 1-0

[Event "Langley op"]
[Site "Langley"]
[Date "2017.09.03"]
[Round "3.8"]
[White "Lehingrat, Callum"]
[Black "Taylor, Ashton"]
[Result "1-0"]
[WhiteElo "1841"]
[BlackElo "1112"]
[PlyCount "47"]
[EventDate "2017.09.02"]
[EventType "swiss"]
[EventRounds "6"]
[EventCountry "CAN"]
[SourceTitle "EXT 2022"]
[Source "ChessBase"]
[SourceDate "2021.10.06"]
[SourceVersion "1"]
[SourceVersionDate "2021.10.06"]
[SourceQuality "1"]

1. d4 Nf6 2. c4 g6 3. Nc3 d5 4. cxd5 Nxd5 5. e4 Nxc3 6. bxc3 Bg7 7. Bc4 c5 8. Ne2 Nc6 9. Be3 Qa5 10. 0-0 0-0 11. Rb1 a6 12. Qc1 Rb8 13. Rd1 cxd4 14. cxd4 b5 15. Bd5 Nd8 16. Bf4 e5 17. dxe5 Ne6 18. Bd2 Qb6 19. Bb4 Rd8 20. Bd6 Rxd6 21. exd6 Qxd6 22. Bxe6 Qxe6 23. Rd8+ Bf8 24. Qc5 1-0

[Event "CAN-ch U10"]
[Site "Vancouver"]
[Date "2012.07.04"]
[Round "5"]
[White "Hua, Eugene"]
[Black "Taylor, Ashton"]
[Result "1-0"]
[WhiteElo "810"]
[BlackElo "806"]
[PlyCount "47"]
[EventDate "2012.07.03"]
[EventType "swiss"]
[EventRounds "7"]
[EventCountry "CAN"]
[SourceTitle "EXT 2022"]
[Source "ChessBase"]
[SourceDate "2021.10.06"]
[SourceVersion "1"]
[SourceVersionDate "2021.10.06"]
[SourceQuality "1"]

1. e4 b6 2. Nc3 Bb7 3. Nf3 e6 4. Be2 Bc5 5. d4 Bb4 6. Bd2 d5 7. exd5 exd5 8. a3 Bxc3 9. Bxc3 Nf6 10. 0-0 0-0 11. Re1 Ne4 12. Bd2 Na6 13. Rc1 c5 14. c3 g5 15. Bd3 c4 16. Bxe4 dxe4 17. Nxg5 h6 18. Nxe4 Bxe4 19. Rxe4 Qd5 20. Rg4+ Kh7 21. Rh4 Nc7 22. Rxh6+ Kg8 23. Qg4+ Qg5 24. Qxg5# 1-0

[Event "CAN-ch U10"]
[Site "Vancouver"]
[Date "2012.07.04"]
[Round "3"]
[White "Taylor, Ashton"]
[Black "Gaisinsky, Adam"]
[Result "1/2-1/2"]
[WhiteElo "806"]
[BlackElo "904"]
[PlyCount "87"]
[EventDate "2012.07.03"]
[EventType "swiss"]
[EventRounds "7"]
[EventCountry "CAN"]
[SourceTitle "EXT 2022"]
[Source "ChessBase"]
[SourceDate "2021.10.06"]
[SourceVersion "1"]
[SourceVersionDate "2021.10.06"]
[SourceQuality "1"]

1. c4 e5 2. Nc3 Nc6 3. g3 Nf6 4. Bg2 Bc5 5. d3 d6 6. Bg5 h6 7. Bxf6 Qxf6 8. Ne4 Qf5 9. Nxc5 dxc5 10. Be4 Qf6 11. Qc1 0-0 12. f4 exf4 13. Qxf4 Qxf4 14. gxf4 Nd4 15. Kd2 Bg4 16. e3 Nf5 17. Bxb7 Rab8 18. Bf3 Bxf3 19. Nxf3 Rxb2+ 20. Kc3 Rf2 21. Rhf1 Rxf1 22. Rxf1 Nxe3 23. Re1 Ng2 24. Re7 Nxf4 25. Rxc7 Rd8 26. Ne5 f6 27. Nd7 Re8 28. Nxc5 Ne2+ 29. Kd2 Nd4 30. Ne4 Nf3+ 31. Kc3 Nxh2 32. Rxa7 f5 33. Nd6 f4 34. Nxe8 f3 35. Rxg7+ Kf8 36. Rg1 f2 37. Rh1 f1Q 38. Rxf1+ Nxf1 39. a4 Kxe8 40. a5 Kd7 41. a6 Kc7 42. c5 Ne3 43. Kb4 Nd5+ 44. Kb3 1/2-1/2